Sports Quiz

Random Sports or NBA Quiz

Which Logo Is NBA? (Minefield) Quiz Stats

Quiz Updated Mar 15, 2018

Challenge
Share
Tweet
Score 0/30 Timer 01:30
13 Plays Today
% Correct
???
86.5%
???
85.1%
???
83.7%
???
83.4%
???
79.8%
???
79.3%
???
79.1%
???
79.1%
???
78.6%
???
78.3%
???
78%
???
76.7%
???
76.6%
???
75.8%
???
75.5%
% Correct
???
75.1%
???
74.8%
???
74.3%
???
73.8%
???
73.3%
???
72.6%
???
72.4%
???
69.9%
???
69.7%
???
69.3%
???
68.9%
???
68.5%
???
63%
???
62%
???
61.2%

You're not logged in!

Compare scores with friends on all Sporcle quizzes.
Sign Up with Email
OR
Log In

You Might Also Like...

Show Comments

Extras

Top Quizzes Today


Score Distribution

Your Account Isn't Verified!

In order to create a playlist on Sporcle, you need to verify the email address you used during registration. Go to your Sporcle Settings to finish the process.

Report this User

Report this user for behavior that violates our Community Guidelines.

Details: